[Event "1st FIDE World Cup final"]
[Site "Shenyang"]
[Date "2000.09.13"]
[Round "3.2"]
[White "Anand, Viswanathan"]
[Black "Bareev, Evgeny"]
[Result "1-0"]
[WhiteElo "2762"]
[BlackElo "2702"]
[EventDate "2000.09.07"]
[Annotator "Anand,V"]
[PlyCount "75"]

1.e4 {Finkel,A} 1...e6 2.d4 d5 3.Nc3 Nf6 4.e5 Nfd7 5.Nce2 {Of course, this
move no longer comes as a surprise when I play it, but I was curious to 
see what he intended.} 5...c5 6.c3 cxd4 {This is one of the most direct 
attempts - Black wants to break with f6 while White is still relatively 
undeveloped.} 7.cxd4 f6 8.Nf4 {8.f4 is another ball-game, and Judit's game
with Hernandez from Merida 2000 is the latest example, but this was too 
much for a game that started at 9:00 AM!} ( {Nothing promises} 8.exf6 {
Finkel,A} 8...Nxf6 9.Nf3 Nc6 ( 9...Bd6 {Finkel,A} 10.g3 Nc6 11.Bg2 O-O 12.
O-O Qb6 13.Rb1 Bd7 14.Bf4 Ne4 $132 {Bologan,V-Glek,I/BL9293} ) 10.Nc3 Bd6 
11.Bb5 ( 11.Bd3 {Finkel,A} 11...O-O 12.Bg5 Qe8 13.Qd2 $6 Nh5 14.Ne2 $5 ( 
14.Qc2 {Finkel,A} ) 14...e5 $1 $36 {[%cal Ge8e2] 
Nijboer,F-Glek,I/Hoogovens-B 1999} ) ( 11.Be2 {Finkel,A} 11...O-O 12.O-O 
h6 13.h3 Bd7 14.Be3 Qe7 15.Re1 g5 $5 $132 {Hort,V-Knaak,R/BL9697} ) 11...
O-O 12.O-O Qc7 13.h3 Bd7 14.Re1 Rae8 15.Be3 a6 16.Bf1 Qb8 17.a3 Re7 $132 {
Lau,R-Gleizerov,E/Dresden op 1994} ) ( 8.f4 $146 {Finkel,A} 8...fxe5 9.
dxe5 ( 9.fxe5 {Finkel,A} 9...Bb4+ 10.Kf2 O-O+ 11.Nf3 Nc6 12.Be3 $13 ) 9...
Nc6 10.Nf3 Bb4+ 11.Nc3 ( 11.Bd2 {Finkel,A} 11...Nc5 12.Bxb4 Nxb4 13.Nc3 
O-O 14.a3 Nc6 15.g3 Qb6 16.b4 Nxb4 17.axb4 Qxb4 18.Rc1 Nb3 $17 ) 11...Nc5 
12.Be3 Qa5 13.Qc2 O-O 14.Rc1 $2 ( 14.a3 {Finkel,A} 14...Ne4 15.Rc1 Bxc3+ 
16.bxc3 $13 ) 14...d4 $1 $17 {Shirov,A-Ivanchuk,V/Tilburg 1993} ) 8...Bb4+
9.Bd2 Qb6 $1 {Of course. Why should Black restrict himself to 9...Qe7} 10.
Bxb4 ( 10.exf6 {Finkel,A} 10...Nxf6 11.Qa4+ Nc6 12.Bxb4 Qxb4+ 13.Qxb4 Nxb4
14.Bd3 O-O 15.a3 Nh5 $5 $13 {Vukovic,Z-Piskov,Y/JUG-chT 1994} ) 10...Qxb4+
11.Qd2 Qxd2+ 12.Kxd2 Ke7 13.exf6+ ( 13.Nf3 {Finkel,A} 13...Nc6 $5 ( 13...
fxe5 {Finkel,A} 14.Nxe5 ( 14.dxe5 {Finkel,A} 14...Nc6 15.Nd3 Rf8 16.Be2 b6
17.Rac1 Bb7 $132 ) 14...Nxe5 15.dxe5 Nc6 16.Nd3 Bd7 17.f4 Be8 18.Rc1 Rf8 
19.g3 $14 {and white has slighly better chanses.} ) ) 13...gxf6 14.Re1 ( 
14.Nf3 $6 {Finkel,A} 14...Kd6 {[%cal Ge6e5]} ) 14...Nb6 15.Nf3 {Finkel,A: 
'In the only game which was played in this variation white didn't choose 
the correct plan and very soon found himself in troubles:'} ( 15.Bd3 $6 {
Finkel,A} 15...Nc6 16.Nf3 Kd6 $1 {[%cal Ge6e5]} 17.Nh5 Rf8 18.Bxh7 e5 $36 
{Bezgodov,A-Sakaev,K/RUS-ch KO 1999} ) 15...Nc6 {'?!' Kortschnoj.} 16.Bb5 
Bd7 {I can't really criticise this, but after 16...Na5 or Nd8 followed by 
a6, I don't see any difficulties for Black.} 17.Bxc6 {Again, I was 
relieved to get this exchange as I liked the position with two knights} 
17...bxc6 18.Re2 $1 {If Black gets his king to d6, then White might have 
problems.} 18...Rae8 {'Kortschnoj: 'Very experienced "French" player 
Bareev chooses a plan to keep all his pieces on the king side of the 
board. It was a worth instead to play Rhe8, followed by a7-a5-a4.} ( 18...
Rab8 19.Nxe6 ( 19.Rhe1 Na8 20.b3 ( 20.Rxe6+ Bxe6 21.Rxe6+ Kf7 22.b3 Rbc8 
23.Nh4 Rhe8 24.Rd6 {In our postmortem, we thought that now 24...Red8 could
be met by Nf5, but at home, I see that 24.. .Re4 is rather better.} ) 
20...Nc7 ) 19...Nc4+ 20.Kc3 Bxe6 21.Rhe1 {Is a mess} ) 19.Rhe1 Kf7 ( 19...
Kd6 $1 20.Nh5 ( 20.Kc1 $1 {Finkel,A} 20...Rhg8 $6 ( 20...a5 $6 {Finkel,A} 
21.Nh5 Ref8 ( 21...Rhf8 $6 {Finkel,A} 22.Ng7 $1 Re7 23.Nf5+ $18 {[%csl 
Re7]} ) 22.Ng7 Rfg8 23.Nxe6 Rxg2 24.Nh4 $1 $18 {[%csl Rd6][%cal Gh4f5]} ) 
( 20...h5 $5 {Finkel,A} ) 21.g3 a5 22.Nh5 Rg6 23.Nh4 Rh6 24.Ng7 $18 ) 
20...Ref8 $1 ( 20...Rhf8 21.Ng7 $1 Re7 22.Nf5+ $18 ) 21.Ng7 Nc4+ 22.Kc3 e5
23.b3 Rhg8 $1 ( 23...e4 24.bxc4 exf3 25.c5+ Kc7 26.gxf3 $18 ) 24.bxc4 Rxg7
{This looks fine for Black} 25.dxe5+ fxe5 26.Nxe5 Rxg2 27.Nxd7 Kxd7 ) 20.
Kc1 {Somehow, White's position is a little more pleasant here.} 20...Nc4 {
This helps White swap knights} 21.Nd2 $1 Nxd2 22.Kxd2 {Now White can aim 
for Nc5 and possibly move a rook to a3. Evgeny lashes out} 22...c5 23.dxc5
e5 24.Nxd5 $1 ( 24.Nd3 {Black seems to have enough compensation here.} ) 
24...Bb5 25.Kc3 $1 Bxe2 26.Rxe2 Rc8 $2 {He tries to stop c6 while he 
brings his forces over, but in fact b4 is the move he must prevent, not 
c6!} ( 26...Rhg8 27.f3 $16 ) ( 26...Rd8 $1 27.Kc4 Ke6 28.Rd2 Rd7 29.c6 {
White should take the draw.} ( 29.f4 $2 {The same as in the game. However,
White is lacking the move b4.} 29...e4 30.Rd4 ( 30.c6 Rd6 31.Kc5 Rhd8 ) 
30...f5 31.g4 Rhd8 32.gxf5+ Kf7 33.c6 Rd6 34.Kc5 e3 35.c7 e2 $1 36.cxd8=Q 
( 36.Re4 Rxd5+ 37.Kc4 Rd4+ 38.Rxd4 Re8 $1 $17 {Amazingly White is lost 
here} ) 36...Rxd8 37.Re4 Re8 ) 29...Rd6 30.Kc5 Rhd8 31.Nc7+ ( 31.c7 Rxd5+ 
32.Rxd5 Rxd5+ 33.Kc6 Rd6+ 34.Kc5 $1 ( 34.Kb7 Rb6+ {Wins for Black!} ) 
34...Rd5+ 35.Kc6 $11 ) 31...Ke7 32.Rxd6 Rxd6 {Now moving the knight to f4 
doesn't help} 33.Nd5+ ( 33.Nb5 $2 Rd2 {White even has problems here} 34.
Nxa7 Rc2+ 35.Kd5 Kd8 $1 ) 33...Ke6 34.Nf4+ Ke7 $1 {I had seen that now c7 
would be met by Rd2, but I assumed that some win existed and anyway White 
has a forced draw at any moment} ) 27.Kc4 Ke6 ( 27...a5 28.a3 a4 {is met 
by} 29.Nb6 ) 28.b4 $1 Rhd8 29.Rd2 Rd7 30.f4 ( 30.b5 Rcd8 {leads to a draw}
) 30...e4 ( 30...Rcd8 31.c6 Rd6 32.f5+ Kxf5 33.c7 $1 Rc8 34.Ne7+ Ke6 35.
Rxd6+ $18 ) 31.Rd4 f5 32.g4 Rg7 ( 32...Rcd8 33.c6 Rd6 34.gxf5+ Kf7 35.b5 
$1 {The b-pawn makes all the difference} 35...e3 36.c7 e2 37.Re4 $1 $18 {
And Rxd5 isn't check!} ( 37.cxd8=Q $4 Rxd8 38.Re4 Re8 ) ) 33.Ne3 {Now it's
over} 33...fxg4 34.Rd6+ Kf7 35.Nf5 {Winning back the exchange} 35...e3 ( 
35...Rg6 36.Rxg6 {Black can't avoid a fork.} ) 36.Nxg7 Re8 37.Nxe8 e2 38.
Rf6+ {Since the first game was drawn, this victory gave me the inaugural 
FIDE world cup} ( 38.Rf6+ Ke7 39.f5 $18 ) 1-0

[Event "1st FIDE World Cup prel. group A"]
[Site "Shenyang"]
[Date "2000.09.02"]
[Round "2"]
[White "Morozevich, Alexander"]
[Black "Alexandrov, Alexei"]
[Result "0-1"]
[WhiteElo "2756"]
[BlackElo "2591"]
[EventDate "2000.09.01"]
[Annotator "Hecht"]
[PlyCount "124"]

1.e4 e5 2.f4 exf4 3.Nf3 g5 4.d4 g4 5.Bxf4 gxf3 6.Qxf3 d6 7.Nc3 Nc6 8.O-O-O
h5 9.e5 Bg4 10.Qe4 Bh6 11.Bxh6 Rxh6 12.Rd2 dxe5 13.h3 Bd7 14.d5 Nce7 15.
Qxe5 Kf8 16.Bd3 Nc8 17.Rf1 Nd6 18.Rdf2 Qe7 19.Qd4 Qg5+ 20.Kb1 Be8 21.Ne2 
b6 22.Nf4 Bd7 23.Qc3 Rc8 24.Ba6 Qg7 25.Qxg7+ Kxg7 26.Bxc8 Bxc8 27.Rf3 Nf6 
28.b3 Nfe4 29.Kb2 h4 30.Re1 a5 31.c4 Rh8 32.Nd3 Rh5 33.Rf4 Bf5 34.Ne5 Nc5 
35.Ka3 f6 36.Nc6 Be4 37.Re3 Rg5 38.Rxh4 Rxg2 39.Rg4+ Rxg4 40.hxg4 Kg6 41.
Nd4 Kg5 42.Rg3 Bg6 43.Rg1 Be8 44.Ne6+ Nxe6 45.dxe6 Bc6 {[#] weiße 
Bauernschwächen} 46.Kb2 Bf3 47.c5 bxc5 48.e7 Kg6 49.Rc1 c4 50.e8=Q+ Nxe8 
51.Rxc4 Kg5 52.a4 c6 53.Kc3 Bd5 54.Rc5 Kxg4 55.Rxa5 f5 56.Ra8 Nd6 57.Rd8 
$2 ( 57.Rb8 $1 f4 ( 57...Ne4+ 58.Kd4 Ng5 59.a5 Ne6+ 60.Ke5 Nc5 61.Kd6 Ne4+
$11 ) 58.a5 Nb5+ 59.Kd3 Bxb3 60.a6 Bd5 61.Rb7 $13 {[%cal Ra6a7]} ) 57...
Ne4+ 58.Kd4 Ng5 59.Re8 f4 60.a5 Ne6+ 61.Kd3 Nc5+ 62.Kc3 f3 0-1

[Event "1st FIDE World Cup prel. group A"]
[Site "Shenyang"]
[Date "2000.09.02"]
[Round "2"]
[White "Milos, Gilberto"]
[Black "Dreev, Alexei"]
[Result "1/2-1/2"]
[WhiteElo "2633"]
[BlackElo "2676"]
[EventDate "2000.09.01"]
[Annotator "Lukacs"]
[PlyCount "47"]

1.e4 c6 2.d4 d5 3.Nd2 dxe4 4.Nxe4 Bf5 5.Ng3 Bg6 6.h4 h6 7.Nf3 e6 8.h5 ( 8.
Ne5 {is rather popular these days.} ) 8...Bh7 9.Bd3 Bxd3 10.Qxd3 Nf6 {
Black is waiting with the development of his b8 N.} 11.Bf4 Bd6 {This is 
the real "simple chess"! Black wants to make profit from the fact, that he
didn't develop his << N.} ( 11...Qa5+ {is the well-known alternative.} ) 
12.Be5 $5 ( 12.Bxd6 {simplyfies the position even more.} 12...Qxd6 13.
O-O-O Nbd7 {This is the flexible reply, Black wants to decide later where 
to castle with his K.} ( 13...O-O $6 14.Ne5 c5 15.Ne4 Nxe4 16.Qxe4 Nc6 17.
Nxc6 bxc6 18.Qe5 $16 {Shmuter-Khenkin, ISR-chT 1996} ) 14.Kb1 ( 14.Rhe1 
O-O 15.Ne5 Rad8 16.f4 Qd5 17.c4 Qa5 18.Kb1 c5 {Black attacks the [+] in 
the right moment.} 19.d5 exd5 20.cxd5 Nxe5 21.Rxe5 Qb4 22.Qf3 Ne8 23.Re3 
Nd6 $11 {Van Riemsdijk-San segundo, Elista ol (Men) 1998} ) 14...O-O 15.
Ne4 ( 15.Qe2 {/\ Ne5} 15...Rfd8 16.Ne5 c5 17.Nxd7 Nxd7 18.Ne4 Qc6 $11 {
Schmaltz-Kallai, Lippstadt 1996} ) 15...Nxe4 16.Qxe4 Nf6 17.Qe2 Qd5 {This 
is the typical manoeuvre here.} 18.c4 ( 18.Ne5 $2 Qxg2 {Black can bravely 
take the P.} 19.Rh4 Qg5 20.Nf3 Qf5 $17 {Cativelli-Garcia Palermo, Clop 
Buenos Aires ARG 1997} ) 18...Qe4+ 19.Qxe4 Nxe4 20.Rh4 Nd6 21.Ne5 Rfd8 22.
b3 a5 $11 {and the _|_ doesn't yield White any advantage, Rotman-Khenkin, 
Geneve op 1996.} ) ( 12.Ne5 {White wants to keep the tension, but Black 
can attack >< e5 by all means.} 12...Qc7 13.O-O-O ( 13.Ne4 Nxe4 14.Qxe4 
Nd7 15.Rh3 O-O-O 16.O-O-O Nxe5 17.Bxe5 f6 18.Bxd6 {1/2:1/2 Tiviakov-Magem 
Badals, New York op 1998} ) 13...Nbd7 14.Ne4 Nxe4 15.Qxe4 O-O-O 16.Bg3 
Nxe5 ( 16...Rhf8 17.Rhe1 Nxe5 18.dxe5 Bc5 19.Qg4 {1/2:1/2 
Rodriguez-Spragett, Capablanca Elite 1997} ) 17.dxe5 Bc5 18.Qg4 Rhg8 19.
Rxd8+ Qxd8 20.Qf3 Qc7 21.Rd1 Rd8 $11 {and White's space advantage is not 
enough for something real, Zarnicki-Magem Badals Capablanca mem 1993.} ) 
12...Bxe5 ( 12...Qa5+ 13.c3 Be7 ( 13...Bxe5 14.dxe5 $5 ( 14.Nxe5 Nbd7 ) 
14...Nd5 15.Ne4 O-O 16.Qd2 ( 16.Nd6 Nd7 $1 ) ( 16.Neg5 $6 hxg5 17.Nxg5 f5 
$1 ( 17...Nf6 18.f4 Rd8 19.Qc2 ) 18.h6 Nf4 $5 ( 18...Qc7 ) 19.Qd6 Qxe5+ 
20.Qxe5 Nd3+ 21.Kf1 Nxe5 22.Nxe6 Rc8 23.Nxg7 ( 23.hxg7 Kf7 ) 23...f4 24.
Re1 Nbd7 $15 ) 16...Nd7 ) 14.Bxf6 gxf6 15.a3 Nd7 16.O-O-O {
Kolbert-Prelevic, Serbia-ch Kragujevac 2000} 16...O-O-O $13 ) 13.dxe5 $146
{This unorthodox idea corrupts White's P structure, but creates a 
sronghold for the N on d6. However White cannot go to sleep, because his 
structural weaknesses are irreversible.} ( 13.Nxe5 {leads to similar 
positions to the previous notes.} 13...Nbd7 ( 13...Qd5 $5 14.O-O Nbd7 {
deserves attention.} ) 14.O-O-O ( 14.Qa3 ) 14...Qa5 $1 {Mac Intyre-Nur, 
US-chT Amateur East 1998} ( 14...Nxe5 15.dxe5 Qxd3 16.Rxd3 Ng4 17.Re1 $1 
Nxf2 18.Rd4 $16 ) 15.Nxd7 Nxd7 16.Kb1 O-O 17.Ne4 Rfd8 $11 ) 13...Qxd3 14.
cxd3 Nfd7 $5 ( 14...Nd5 {was a serious alternative.} 15.Ne4 {/\ Nd6} 15...
b6 ( 15...Nd7 16.Nd6+ Ke7 17.Nxb7 Rhb8 18.Na5 Rxb2 19.Nxc6+ Ke8 20.O-O Nc3
$44 {with some activity for the P.} ) 16.Rc1 ( 16.Nd6+ Ke7 17.Rc1 Nd7 18.
Rxc6 Nc5 19.d4 Kd7 $1 ( 19...Nd3+ 20.Kd2 Nxf2 21.Rhc1 $36 ) 20.Nxf7 Kxc6 
21.Nxh8 Nd3+ 22.Kd2 Nxf2 23.Rc1+ Kd7 24.Nf7 Ne4+ 25.Kd3 Ng3 $11 ) 16...Ke7
17.Kd2 c5 18.d4 cxd4 19.Nxd4 Rd8 $11 ) 15.Ne4 c5 {/\ Nc6} 16.Nd6+ Ke7 17.
Nxb7 {Black has sacrificed a P in order to finish development and put 
pressure on White's weaknesses.} 17...Nc6 ( 17...a5 $6 {loses precious 
time.} 18.Nd6 Nc6 19.Nc4 $16 {consolidating the position.} ) 18.O-O {In 
endgames the K usually belongs to the [+], so castles is not so logical.} 
( 18.Rc1 $5 {was the last chance to fight for a small edge in the _|_, for
example:} 18...Rab8 ( 18...Ncxe5 19.Nxe5 Nxe5 20.Nxc5 Rhd8 ( 20...Rab8 21.
b3 Rhc8 22.Kd2 ) 21.Ke2 Rd5 22.Rc3 $14 ) 19.Nxc5 Rxb2 20.Nxd7 Kxd7 21.Rh4 
( 21.a3 Rb3 ) 21...Rxa2 22.Rg4 Rg8 23.Rb1 Na5 ( 23...Kc7 24.Rc4 Rc8 25.Nd4
$14 ) 24.Kf1 $14 ( 24.Rd4+ Ke7 25.Rc1 Rb8 26.Rc7+ Ke8 27.Nd2 Nb3 $11 ) ) 
18...Ncxe5 19.Nxe5 Nxe5 20.Nxc5 {White is a P up, but the d P is weak.} 
20...Rhd8 21.Rfd1 Rd5 22.Rac1 Rb8 23.b3 Rc8 24.d4 ( 24.b4 a5 25.a3 axb4 
26.axb4 Rb8 27.Rb1 Nc6 ) 1/2-1/2

[Event "1st FIDE World Cup prel. group A"]
[Site "Shenyang"]
[Date "2000.08.03"]
[Round "3"]
[White "Alexandrov, Alexei"]
[Black "Milos, Gilberto"]
[Result "0-1"]
[WhiteElo "2591"]
[BlackElo "2633"]
[EventDate "2000.09.01"]
[Annotator "Ftacnik,L"]
[PlyCount "81"]

1.d4 Nf6 2.c4 e6 3.Nc3 Bb4 4.e3 b6 5.Ne2 c5 6.a3 Ba5 7.Rb1 Na6 8.f3 O-O 9.
d5 exd5 10.cxd5 b5 11.Kf2 ( 11.e4 b4 ( 11...Re8 12.Ng3 b4 13.axb4 cxb4 14.
Nb5 b3+ 15.Kf2 Bb6+ 16.Be3 Bxe3+ 17.Kxe3 Nb4 18.Bc4 Qb6+ 19.Ke2 Ba6 20.
Qxb3 Nfxd5 {0-1 Oms Pallise,J-Del Rio Angelis,S/Santa Clara/1999/ (20)} ) 
12.axb4 cxb4 13.Nb5 Qb6 14.Nbd4 b3+ 15.Kf2 Nc5 16.Ng3 Bb7 17.Be3 Bxd5 18.
Rc1 Bxe4 19.Rxc5 Qxc5 20.Nxb3 Qc7 21.Nxa5 {1-0 Aleksandrov,A-Sambuev,B/ 
St. Petersburg/1998/ (37)} ) 11...b4 12.Nb5 d6 {The position has got a 
distinct features of Ben Oni structure with black dark squared bishop on 
unusual square a5.} ( 12...Bb7 13.e4 Qb6 14.Nf4 $13 ) 13.axb4 ( 13.e4 $5 )
13...Nxb4 ( 13...cxb4 14.e4 Bb6+ 15.Ned4 Ne8 16.g4 $14 ) 14.Nec3 $6 ( 14.
e4 ) 14...Bb6 15.Bc4 ( 15.e4 Ne8 16.g4 a6 17.Na3 Nf6 18.Nc4 Bc7 $13 ) 
15...Nd7 $5 16.Ne4 ( 16.Nxd6 Ne5 17.Nxc8 Rxc8 18.Be2 ( 18.b3 Nxc4 19.bxc4 
Qh4+ 20.g3 Qxc4 $17 ) 18...c4 19.Kf1 Ned3 20.Bxd3 Nxd3 21.Qe2 f5 $36 ) ( 
16.Na3 Ne5 17.b3 Qh4+ 18.g3 Qf6 $40 ) 16...Ne5 17.b3 ( 17.Be2 c4 ( 17...
Bb7 18.f4 Ng6 19.Bc4 Qe7 20.Nexd6 a6 21.Nf5 Qe4 22.Nfd6 Qxb1 23.Nc3 Qa1 
24.Nxb7 $13 ) 18.b3 Nbd3+ 19.Kf1 Nxc1 20.Qxc1 cxb3 21.Rxb3 Ba6 $13 ) 17...
f5 ( 17...Bc7 18.Nxc7 Qxc7 19.Bb2 Qe7 $15 ) ( 17...a6 $5 18.Nbc3 ( 18.
Nbxd6 $2 f5 19.Nxc8 fxe4 20.Nxb6 exf3 21.Nxa8 fxg2+ 22.Kg1 Qh4 $19 ) 18...
f5 $17 ) 18.Nexd6 ( 18.Ng3 a6 19.Nc3 Qh4 $17 ) 18...a6 $1 19.Nxc8 axb5 20.
Nxb6 ( 20.Ne7+ $2 Kh8 ( 20...Qxe7 $2 21.d6+ $18 ) 21.Bxb5 Qxe7 $19 ) 20...
Qxb6 21.Be2 Rfd8 {The early middlegame went rather badly for white, 
despite two bishops and extra pawn he is in critical position. Black 
pieces are very active and white king is far from safe.} 22.f4 ( 22.Qf1 
Rxd5 23.Bxb5 Ra2+ 24.Kg1 Qd6 $1 $19 ( 24...Nxf3+ 25.Qxf3 Qxb5 $19 ) ) ( 
22.Bb2 $5 Rxd5 23.Bxe5 Rxd1 24.Rhxd1 $17 ) ( 22.e4 fxe4 23.fxe4 c4+ 24.Be3
Rf8+ 25.Bf3 Ra2+ $19 ) 22...Rxd5 23.fxe5 ( 23.Qf1 Ned3+ 24.Kg1 Ra2 25.Qf3 
Qe6 $19 ) ( 23.Bd2 Ra2 $19 ) 23...Rxd1 24.Rxd1 Qe6 ( 24...Rb8 25.Rd6 Qa7 
26.Bd2 Qe7 27.Bxb4 cxb4 28.Rbd1 Qxe5 29.R6d5 Qxh2 $17 ) 25.Bxb5 Ra2+ ( 
25...Qxe5 26.Bb2 Qe4 ( 26...Ra2 $2 27.Rd2 Qb8 28.Bc4+ Kf8 29.Rbd1 $13 ) 
27.Rbc1 f4 28.exf4 Ra2 29.Bc4+ Kf8 30.Rb1 Qc2+ $19 ) 26.Bb2 $2 ( 26.Rb2 
Qxb3 27.Rd8+ Kf7 28.Rd7+ Ke6 29.Rdd2 Rxb2 30.Bxb2 Nd5 $19 ) ( 26.Kg1 Qxe5 
$19 ) ( 26.Rd2 $1 Rxd2+ 27.Bxd2 Qxe5 28.Bxb4 cxb4 29.Bc4+ Kf8 $17 ) 26...
Qxb3 $1 {Milos plays a brave move and calculates properly, that black king
can survive on the g5 square.} ( 26...Qxe5 27.Rd2 Qb8 28.Bc4+ Kf8 29.Rbd1 
$13 ) 27.Rd8+ Kf7 28.Rd7+ Ke6 ( 28...Kg6 $1 ) 29.Rd6+ Ke7 30.Rd7+ Kf8 31.
Rd8+ Kf7 32.Rd7+ Kg6 $1 33.Rd6+ ( 33.Rd2 c4 34.Be8+ Kh6 $19 ) 33...Kg5 34.
h4+ ( 34.Be2 g6 $1 ( 34...Rxb2 $2 35.h4+ $1 Kxh4 36.Rh1+ Kg5 37.Rh5# ) 35.
e6 Rxb2 36.e7 Rxe2+ 37.Kxe2 Qc2+ 38.Kf3 Qe4+ 39.Kf2 Qxe7 $19 ) 34...Kxh4 
35.Be2 Kg5 ( 35...c4 $4 36.Rh1+ Kg5 37.Rh5# ) 36.Rd2 ( 36.Rh1 g6 37.Bc1 
Nd3+ 38.Rxd3 Qxd3 39.e4+ f4 $19 ) 36...Nd5 ( 36...Nc2 37.Rd3 Qb4 $19 ) 37.
Rbd1 ( 37.Rd3 Qc2 38.Rxd5 Qxb1 39.Bc3 Rc2 40.Ba5 Qa2 $19 ) 37...Qxe3+ 38.
Kf1 Qf4+ 39.Kg1 Qe3+ 40.Kh1 Ra4 41.Bc1 0-1